000 04347nam a22003137i 4500
001 TCPA 65
003 gtcocun
005 20250908224000.0
006 a||||gr|||| 00| 0
008 250908b2018 gt ||||| m||| 00| 0 eng d
040 _agtcocun
_bSPA
_cgtcocun
_eRDA
041 _aSPA
084 _0TCPA 65
100 _aReyes Pereira, Nestor Alejandro
_eAutor
245 _aTesis: Reconocimiento de ingresos mediante el método de avance físico de empresas que realizan actividades de construcción ubicadas en el municipio de San Pedro Carchá, Alta Verapaz, en contratos cuya duración sea mayor a un período contable/
_cNestor Alejandro Reyes Pereira
_hImpreso
264 _aCobán, Alta Verapaz:
_bUniversidad de San Carlos de Guatemala, Centro Universitario del Norte, Licenciatura en Contaduría Pública y Auditoría.
_c2018
300 _a75 p.:
_bIlustraciones, gráficas.
_c28 cm; PDF
336 _2rdacontenido
_aTexto
_btxt
337 _2rdamedio
_aComputadora
_bn
338 _2rdasoporte
_aCódigo en línea
_bcr
502 _e.
502 _aTesis de grado
_bLicenciatura en Contaduría Pública y Auditoría.
_cUniversidad de San Carlos de Guatemala, Centro Universitario del Norte, Licenciatura en Contaduría Pública y Auditoría.
_d2018
_oTCPA 65
520 1 4 _aEl sector de la construcción ha crecido en los últimos años en Alta Verapaz, pero en específico en el municipio de San Pedro Carchá; de ahí nace el interés, de realizar un estudio de las empresas locales que realizan este tipo de actividades. En Guatemala, la industria de la construcción es organizada por la Cámara Guatemalteca de la Construcción y es representada a nivel nacional como internacional por dicha entidad. Las empresas constructoras necesitan ser estudiadas principalmente el reconocimiento de sus ingresos bajo el método de grado de avance, desde el punto de vista financiero, tema que es inherente a la toma de decisiones gerenciales y el impacto que causa en aspectos tributarios. Para establecer conclusiones y recomendaciones acertadas se desarrolla la presente de tesis, la cual tiene por título: Reconocimiento de ingresos mediante el método de avance físico de empresas que realizan actividades de construcción ubicadas en el municipio de San Pedro Carchá, Alta Verapaz, en contratos cuya duración sea mayor a un periodo contable. El método científico fue determinado como la metodología adecuada para desarrollar la investigación, este consistió en la aplicación de un conjunto de normas y procedimientos para descubrir la manera de existencia, la identificación procesos y conexiones internas y externas, del fenómeno contable y así poder explicar, la problemática planteada. La unidad de análisis se centró en el estudio del método de avance físico como el método indicado para el reconocimiento de ingresos en contratos cuya duración sea mayor a un periodo contable. La aplicación del método deductivo ha dirigido a la comprobación de los resultados finales, esta fase permitió al investigador contrastar la hipótesis con los resultados obtenidos Empleada la fórmula estadística de acuerdo al error de muestreo y el nivel de confianza, la muestra estableció 21 empresas, la que se distribuyó entre empresarios, auditores y contadores de las empresas constructoras, posterior a la determinación de la muestra se empleó la encuesta como instrumento de campo técnica que permitió la interacción del investigador y los sujetos de investigación. Así también el investigador empleó en todo momento la observación como la técnica que le permitió fijar su atención y sentidos en el fenómeno investigado, lo que permitió satisfacer los criterios que conllevaron al análisis de resultados para determinar que los objetivos planteados en la investigación hayan sido alcanzados, para que posteriormente se formularan conclusiones y exponer recomendaciones sobre la problemática.
650 1 4 _2LEMB
_aCarchá, Alta Verapaz
_xsistema contable
_xcontructoras
_xmedición de avances
700 _aLic. Selvin Wotzbelli Castellanos Reyes
_eAsesor
856 _uhttps://drive.google.com/file/d/1hxhS_f2qXntqaZLBtBaCe1WDZKvPr6jQ/view?usp=sharing
_yPDF
_zUn ejemplar en línea.
942 _2ddc
_cTES
_iTCPA_65
_kClasificación
_n0
_6TCPA__65
999 _c1765
_d1765